| 000 | 00589nam a22001937a 4500 | ||
|---|---|---|---|
| 005 | 20131009151554.0 | ||
| 010 | _aENG-107799 | ||
| 020 |
_a9788192679013 _c350.00 |
||
| 035 | _aEN-91332 | ||
| 037 | _bDBAD/PUB | ||
| 082 | _a305.800954 | ||
| 100 | _aThapa, C.S. | ||
| 245 |
_aGorkha : _cby C.S. Thapa _bin search of identity / |
||
| 260 |
_aNew Delhi _bLiFi Publications _c2013 |
||
| 270 |
_a211, 2nd Floor, Gagandeep 12, Rajendra Place _bNew Delhi _e110008 |
||
| 300 |
_a134p. : _c22cm(Hb) _bill.,map |
||
| 650 |
_aGurkhas _zGIndia |
||
| 942 |
_2ddc _cEN _mTHA _h305.800954 |
||
| 999 |
_c77089 _d77089 |
||